000 00599nam a2200205Ii 4500
001 9766
003 CO-ViMGA
008 241108s9999||||xx |||||||||||||| ||und||
040 _aCO-ViMGA
_bspa
_erda
_cCO-ViMGA
041 0 _aunk
084 _aLJ-100
100 1 _aRamón Garcia Domínguez
245 1 0 _aUn grillo del año diesmil y pico
264 1 _a[Lugar de publicación no identificado] : Edilux, 1993
300 _avolumen
336 _atext
_btxt
_2rdacontent
337 _aunmediated
_bn
_2rdamedia
338 _avolume
_bnc
_2rdacarrier
940 _aidficha_siabuc: 9550. -- ficha_no_siabuc:9766
999 _c54861
_d54861